01398nam a2200313 a 450000500170000000800410001704100080005809000140006610000230008011101300010324500560023326001490028930000120043850500230045050500230047365000280049665000390052465000400056366200250060370000220062870000260065070000240067670000230070070000250072394200150074899900150076395201530077895201530093120140226162440.0140226b1983 xxu||||| |||| 00| 0 eng d aeng aLBb01283 aBacon, Peter97988 aSymposium on sea turtle research of the wester atlantic: populations and socioeconomicscSan José - Costa Ricad1983911664 aProcedings of the western atlantic turtle symposium aSan JosébIntergovernmental Oceanographic CommissionbAssociation for the Caribbean and Adjacent RegionsbFAObUniversity of Miami Pressc1983 a2 Vols. aVol. 1: Appendix 6 aVol. 2: Appendix 7 aTortugas marinas911665 aReferencias Bibliográficas92837 aInvestigación científica911666 cOcéano Atlántico aBerry, Fred97991 aBjorndal, Karen97992 aHirth, Harold97993 aOgren, Larry97994 aWeber, Michael97995 cImpreso2z c1292d1292 00102z40708HERPETOIINV2017aVillabVillad1999-05-01eAmazonl0oLB-01283p001735r2012-12-04 00:00:00tV. 1 Ej. 1w2012-12-04xINDERENAyLIBRO 00102z40708HERPETOIINV2017aVillabVillad1999-05-01eAmazonl0oLB-01283p001736r2012-12-04 00:00:00tV. 2 Ej. 1w2012-12-04xINDERENAyLIBRO